Sport Quiz - Statistiken

Allgemein
  • Dieses Quiz wurde 298 mal gespielt
  • Das Durchschnittsergebnis liegt bei 5 aus 20
Antwortstatistiken
Hint Antwort % Korrekt
Ein bekannter deutscher Torhüter hiess Oliver _____? Kahn
99%
Welcher Verein gewann in der Saison 2022/2023 die Champions League? Manchester City
67%
Wie viele Grand-Slam-Siege hat Andy Murray bis anhin erreicht? 3
58%
Wie lautet die Abkürzung der höchsten Eishockey-Liga in den Vereinigten Staaten? NHL
55%
Wie viele Punkte muss ein Spieler mindestens erreichen, um normalerweise einen Satz im Tischtennis zu gewinnen? 11
54%
Wie viele NBA Championships gewann Michael Jordan? 6
47%
Wie viele Spieler der Feldmannschaft befinden sich auf dem Spielfeld beim Cricket? 11
34%
Welchem NBA-Spieler gelang es als Erstem in der Geschichte, in einem Spiel 31 Punkte, 22 Assists und 21 Rebounds zu erzielen? Nikola Jokic
23%
Aus welchem Land stammt der Schachweltmeister, der neulich (Ende 2024) gekürt wurde? Indien
22%
Welche Frauenrugbymannschaft gewann 2021 die Rugby-Union-Weltmeisterschaft? Neuseeland
22%
Wie heisst der traditionelle Schweizer Sport, der im Sägemehl ausgetragen wird? Schwingen
15%
Welche Skifahrerin gewann in der Saison 2007/08 den Gesamtweltcup? Lindsey Vonn
8%
Für lange Zeit war es den Spielern der New York Yankees verboten, einen _____ zu tragen. Bart
7%
Wie hiess der Starting-Quarterback der Carolina Panthers im Jahr 2012? Cam Newton
7%
Einer der bekanntesten Spieler der Las Vegas Raiders, Maxx Crosby, spielt auf welcher Position (eng.)? Defensive End
7%
Wer gewann 1977 die Formel-1-Weltmeisterschaft? Niki Lauda
7%
Der japanische Baseballstar, der momentan bei den LA Dodgers spielt, heisst Shohei _____? Ohtani
7%
Wie wird der Federball (Badminton) im Englischen genannt? Shuttlecock
6%
Ein sehr kurzer Putt, der oft ohne Ausführung gegeben wird, nennt man wie im Golf (eng.)? Gimme
2%
Wer gewann 1980 die Tour de France? Joop Zoetemelk
1%
Keine übereinstimmenden Quizze gefunden
Verteilung der Resultate
Anzahl Personen mit jedem Resultat
Perzentil nach korrekt beantworteten Fragen
Ihre Resultats-Entwicklung
Sie haben dieses Quiz noch nicht gespielt